[Event "European Blitz Championship 2021"]
[Site "Katowice"]
[Date "2021.12.17"]
[Round "8.26"]
[White "Rudnik, Anna"]
[Black "Budrewicz, Krzysztof"]
[Result "1-0"]
[WhiteElo "1829"]
[BlackElo "2183"]
[Annotator "ChessBase"]
[PlyCount "95"]
[EventDate "2021.12.17"]
[EventType "swiss"]
[EventCountry "POL"]
[SourceTitle "playchess.com"]
[Source "ChessBase"]
[SourceQuality "1"]

1. e4 g6 2. d4 Bg7 3. f4 c5 4. c3 d5 5. e5 Nc6 6. h3 cxd4 7. cxd4 Bf5 8. Nc3 h5
9. Nf3 e6 10. Bd3 Nh6 11. Bb5 Rc8 12. Be3 O-O 13. Rc1 a6 14. Ba4 b5 15. Bc2
Bxc2 16. Rxc2 Na5 17. b3 Nc6 18. Ng5 Qe7 19. O-O f6 20. Nf3 Rc7 21. Re1 Rfc8
22. Ne2 Nf5 23. Bf2 fxe5 24. fxe5 Bh6 25. Ng3 Nxg3 26. Bxg3 Nb4 27. Rf2 Nc2 28.
Ref1 Ne3 29. Qd3 Nxf1 30. Qxg6+ Qg7 31. Qxe6+ Kh7 32. Rxf1 Qxg3 33. Qxd5 Rg7
34. Qe4+ Kh8 35. Ne1 Qe3+ 36. Qxe3 Bxe3+ 37. Kh2 Bxd4 38. Rf5 Rc5 39. Rxh5+ Rh7
40. Rxh7+ Kxh7 41. e6 Re5 42. Nf3 Re3 43. Nxd4 Kg6 44. g4 Kf6 45. h4 Ke5 46.
Nf5 Re2+ 47. Kg3 Kxe6 48. Nd4+ 1-0

[Event "European Blitz Championship 2021"]
[Site "Katowice"]
[Date "2021.12.17"]
[Round "8.27"]
[White "Danielyan, Vahe"]
[Black "Chojnacki, Slawomir"]
[Result "1-0"]
[WhiteElo "2332"]
[BlackElo "2120"]
[Annotator "ChessBase"]
[PlyCount "101"]
[EventDate "2021.12.17"]
[EventType "swiss"]
[EventCountry "POL"]
[SourceTitle "playchess.com"]
[Source "ChessBase"]
[SourceQuality "1"]

1. e4 c6 2. Nc3 d5 3. Nf3 Bg4 4. h3 Bxf3 5. Qxf3 e6 6. g3 Nd7 7. Bg2 Ngf6 8.
O-O Bb4 9. exd5 cxd5 10. Ne2 O-O 11. d4 Rc8 12. c3 Bd6 13. a4 Ne4 14. Qe3 f5
15. Nf4 Bxf4 16. Qxf4 Qc7 17. Qxc7 Rxc7 18. Bf4 Rc6 19. f3 Nd6 20. Rfe1 Kf7 21.
Bf1 a6 22. Bd3 h6 23. h4 Nf6 24. Kf2 Nh5 25. Bc1 Nc4 26. b3 Na5 27. c4 Nxb3 28.
Rb1 Nxc1 29. Rxb7+ Kg6 30. Rxc1 dxc4 31. Rxc4 Rfc8 32. Rxc6 Rxc6 33. Rb3 Nf6
34. a5 Nd5 35. g4 Kf6 36. gxf5 exf5 37. Rb8 g6 38. Rd8 Nb4 39. Be2 Rc2 40. Rd6+
Kg7 41. Rb6 Nc6 42. Ke3 Nxd4 43. Bxa6 Nc6 44. Bd3 Rc5 45. a6 Ne5 46. a7 f4+ 47.
Kd4 Ra5 48. Ba6 Nxf3+ 49. Ke4 Nd2+ 50. Kd3 Rd5+ 51. Kc2 1-0

[Event "European Blitz Championship 2021"]
[Site "Katowice"]
[Date "2021.12.17"]
[Round "8.27"]
[White "Goraj, Barbara"]
[Black "Walter, Szymon"]
[Result "1/2-1/2"]
[WhiteElo "1902"]
[BlackElo "2277"]
[Annotator "ChessBase"]
[PlyCount "90"]
[EventDate "2021.12.17"]
[EventType "swiss"]
[EventCountry "POL"]
[SourceTitle "playchess.com"]
[Source "ChessBase"]
[SourceQuality "1"]

1. e4 c5 2. Nf3 d6 3. d4 cxd4 4. Nxd4 Nf6 5. Nc3 g6 6. Be3 Bg7 7. f3 O-O 8. Qd2
Nc6 9. g4 Be6 10. Nxe6 fxe6 11. h4 Ne5 12. Be2 d5 13. g5 Nh5 14. exd5 Ng3 15.
Rh3 Nxf3+ 16. Bxf3 Rxf3 17. O-O-O Nf1 18. Qg2 Nxe3 19. Qxf3 Nxd1 20. Qxd1 Bxc3
21. Rxc3 exd5 22. Qg4 Qd6 23. Rc8+ Rxc8 24. Qxc8+ Kf7 25. Qxb7 Qf4+ 26. Kd1
Qf1+ 27. Kd2 Qg2+ 28. Kd1 a5 29. Qc6 Qf1+ 30. Kd2 Qf4+ 31. Kd1 Qd4+ 32. Kc1 a4
33. a3 Qf4+ 34. Kd1 Qf3+ 35. Kd2 Qe4 36. Kd1 Kg7 37. Kd2 Qf4+ 38. Kd1 Qf3+ 39.
Kd2 Qf2+ 40. Kd1 Qd4+ 41. Kc1 Qe3+ 42. Kd1 Qf3+ 43. Kd2 Qf2+ 44. Kd1 Qf3+ 45.
Kd2 Qf2+ 1/2-1/2

[Event "European Blitz Championship 2021"]
[Site "Katowice"]
[Date "2021.12.17"]
[Round "8.28"]
[White "Papasimakopoulos, Alexandros"]
[Black "Cukrowski, Filip"]
[Result "1/2-1/2"]
[WhiteElo "2394"]
[BlackElo "2101"]
[Annotator "ChessBase"]
[PlyCount "71"]
[EventDate "2021.12.17"]
[EventType "swiss"]
[EventCountry "POL"]
[SourceTitle "playchess.com"]
[Source "ChessBase"]
[SourceQuality "1"]

1. d4 Nf6 2. c4 e6 3. Nc3 d5 4. cxd5 exd5 5. Bg5 Be7 6. e3 c6 7. Bd3 Nbd7 8.
Qc2 Nf8 9. Nf3 Ne6 10. Bh4 g6 11. O-O O-O 12. Rab1 a5 13. a3 Ng7 14. b4 axb4
15. axb4 Bf5 16. b5 Bxd3 17. Qxd3 Ra3 18. Qc2 Nf5 19. Bxf6 Bxf6 20. Na4 Qa5 21.
Nc5 cxb5 22. Nd7 Be7 23. Nxf8 Bxf8 24. Qc8 Nd6 25. Qd7 b4 26. Nd2 Qb5 27. Qg4
Qd3 28. Rfd1 Ra2 29. Nb3 Qc2 30. Qf3 Ne4 31. Rdc1 Qd3 32. Rd1 Qc2 33. Rdc1 Qd3
34. Rd1 Qc2 35. Rdc1 Qd3 36. Rd1 1/2-1/2

[Event "European Blitz Championship 2021"]
[Site "Katowice"]
[Date "2021.12.17"]
[Round "8.28"]
[White "Smieja, Adam"]
[Black "Bauer, Thomas"]
[Result "0-1"]
[WhiteElo "1848"]
[BlackElo "2204"]
[Annotator "ChessBase"]
[PlyCount "56"]
[EventDate "2021.12.17"]
[EventType "swiss"]
[EventCountry "POL"]
[SourceTitle "playchess.com"]
[Source "ChessBase"]
[SourceQuality "1"]

1. c4 e5 2. d3 Bc5 3. e3 a6 4. a3 Ba7 5. b4 Nc6 6. Bb2 d6 7. Nc3 f5 8. h4 Nf6
9. g3 O-O 10. Bg2 f4 11. gxf4 exf4 12. Bd5+ Nxd5 13. Nxd5 fxe3 14. fxe3 Ne5 15.
Bxe5 dxe5 16. Qh5 c6 17. Nf3 cxd5 18. Ng5 Bf5 19. c5 Qd7 20. Kd2 Bg6 21. Qe2 e4
22. d4 Qa4 23. Kc3 Rac8 24. h5 Bf5 25. Qg2 b6 26. Rhg1 Rc7 27. Qg3 Bb8 28. Qd6
Rxc5+ 0-1

[Event "European Blitz Championship 2021"]
[Site "Katowice"]
[Date "2021.12.17"]
[Round "8.29"]
[White "Matuszczyk, Krystian"]
[Black "Kukula, Pawel"]
[Result "1-0"]
[WhiteElo "1948"]
[BlackElo "2191"]
[Annotator "NA"]
[PlyCount "61"]
[EventDate "2021.12.17"]
[EventType "swiss"]
[EventCountry "POL"]
[SourceTitle "playchess.com"]
[Source "ChessBase"]
[SourceQuality "1"]

1. Nc3 Nf6 2. g4 h6 3. e4 e5 4. Bc4 c6 5. Bb3 d5 6. exd5 cxd5 7. d4 e4 8. h3
Nc6 9. Nge2 Be7 10. Be3 O-O 11. Qd2 Be6 12. O-O-O a5 13. a4 Nb4 14. Kb1 b5 15.
Nxb5 Rc8 16. Rhg1 Nd7 17. Nf4 Nb6 18. g5 hxg5 19. Nxe6 fxe6 20. Bxg5 Nc4 21.
Bxc4 Rxc4 22. Nc3 Rf3 23. Bxe7 Qxe7 24. Rg3 e3 25. Qe2 Rxf2 26. Qxe3 Rxc2 27.
Rdg1 R4xc3 28. Rxg7+ Qxg7 29. Rxg7+ Kxg7 30. bxc3 Rg2 31. cxb4 1-0

[Event "European Blitz Championship 2021"]
[Site "Katowice"]
[Date "2021.12.17"]
[Round "8.30"]
[White "Mirski, Michal"]
[Black "Pavlidou, Ekaterini"]
[Result "1/2-1/2"]
[WhiteElo "2039"]
[BlackElo "2177"]
[Annotator "ChessBase"]
[PlyCount "113"]
[EventDate "2021.12.17"]
[EventType "swiss"]
[EventCountry "POL"]
[SourceTitle "playchess.com"]
[Source "ChessBase"]
[SourceQuality "1"]

1. e4 c5 2. Nc3 Nc6 3. g3 g6 4. Bg2 Bg7 5. Nge2 d6 6. d3 e5 7. Be3 Nge7 8. Qd2
Nd4 9. f4 Bg4 10. Bxd4 exd4 11. Nd1 O-O 12. Nf2 Bxe2 13. Qxe2 f5 14. O-O Nc6
15. exf5 gxf5 16. Qe6+ Kh8 17. Rae1 Qb6 18. Qxd6 Rad8 19. Qe6 Nb4 20. Qxb6 axb6
21. Re2 Nxa2 22. Bxb7 Nb4 23. Nh3 h6 24. Rfe1 Rd7 25. Bf3 Ra7 26. Kf2 Ra2 27.
Rb1 Bf6 28. Ng1 Kg7 29. Bg2 Rf7 30. Nf3 Rfa7 31. Ne1 Ra1 32. Rxa1 Rxa1 33. Re6
Rb1 34. b3 Rb2 35. Re2 Na2 36. Re6 b5 37. Bd5 Nb4 38. Bb7 Nxc2 39. Nxc2 Rxc2+
40. Kf3 Rc3 41. Bd5 Rxd3+ 42. Kf2 Rc3 43. Rb6 b4 44. Rb7+ Kh8 45. Rf7 Bg7 46.
Rxf5 d3 47. Ke3 Bd4+ 48. Kd2 Rc2+ 49. Kxd3 Rxh2 50. Rf8+ Kg7 51. Rg8+ Kf6 52.
g4 Rh3+ 53. Kc4 Rc3+ 54. Kb5 Rf3 55. g5+ hxg5 56. fxg5+ Ke5 57. Bxf3 1/2-1/2

[Event "European Blitz Championship 2021"]
[Site "Katowice"]
[Date "2021.12.17"]
[Round "9.1"]
[White "Duda, Jan-Krzysztof"]
[Black "Blohberger, Felix"]
[Result "1-0"]
[WhiteElo "2756"]
[BlackElo "2490"]
[Annotator "TA"]
[PlyCount "153"]
[EventDate "2021.12.17"]
[EventType "swiss"]
[EventCountry "POL"]
[SourceTitle "playchess.com"]
[Source "ChessBase"]
[SourceQuality "1"]

1. e4 c5 2. Nf3 d6 3. d4 cxd4 4. Nxd4 Nf6 5. Nc3 a6 6. h3 e6 7. g4 Nfd7 8. g5
b5 9. a3 Bb7 10. h4 Nc6 11. h5 Rc8 12. Rg1 g6 13. Be3 Nce5 14. Rh1 Rg8 15. hxg6
hxg6 16. Rh7 Rxc3 17. bxc3 Bxe4 18. a4 bxa4 19. Rxa4 Nc5 20. Rb4 Be7 21. f4 Nc6
22. Nxc6 Bxc6 23. Bxc5 dxc5 24. Qxd8+ Bxd8 25. Rb8 Ke7 26. Bxa6 Rf8 27. Bb7 Bd7
28. Be4 Ba5 29. Rxf8 Bxc3+ 30. Ke2 Kxf8 31. Bxg6 Bg7 32. Be4 Bb5+ 33. Kf3 Bd7
34. Kg4 Bb5 35. Rh1 Bd4 36. Rb1 Be2+ 37. Kg3 Bc4 38. Rb8+ Kg7 39. Rb7 Kf8 40.
Bf3 Be3 41. Kg4 Kg7 42. Rc7 Kf8 43. Kg3 Bb5 44. Bh5 Be8 45. Kf3 Bd4 46. Kg3 Be3
47. Rc8 Ke7 48. Kf3 Bd4 49. Ke2 Bb5+ 50. Kd2 Be8 51. c3 Bg1 52. Ke2 Bb5+ 53.
Kf3 Be8 54. Rc7+ Kf8 55. Ra7 Bc6+ 56. Kg3 Be8 57. Ra1 Be3 58. Rd1 e5 59. fxe5
Bxg5 60. Rd5 Be3 61. Rd6 Ke7 62. Kf3 Bg1 63. Rd1 Bh2 64. Re1 Bc6+ 65. Kf2 Bf4
66. Bf3 Bxf3 67. Kxf3 Bd2 68. Rb1 Bxc3 69. Ke4 Bd4 70. Rb7+ Kf8 71. Kf5 Kg8 72.
Kf6 c4 73. Rd7 Bb2 74. Rc7 c3 75. Rc8+ Kh7 76. Kxf7 c2 77. e6 1-0

[Event "European Blitz Championship 2021"]
[Site "Katowice"]
[Date "2021.12.17"]
[Round "9.1"]
[White "Molenda, Marcin"]
[Black "Kjartansson, Gudmundur"]
[Result "1-0"]
[WhiteElo "2097"]
[BlackElo "2382"]
[Annotator "NA"]
[PlyCount "67"]
[EventDate "2021.12.17"]
[EventType "swiss"]
[EventCountry "POL"]
[SourceTitle "playchess.com"]
[Source "ChessBase"]
[SourceQuality "1"]

1. d4 d5 2. c4 e6 3. Nf3 Nf6 4. Nc3 Nbd7 5. Bf4 dxc4 6. e4 b5 7. Nxb5 Bb4+ 8.
Bd2 Bxd2+ 9. Nxd2 Nb6 10. e5 Nfd5 11. Nxc4 Bb7 12. Ncd6+ cxd6 13. Nxd6+ Kf8 14.
Nxb7 Qh4 15. Be2 h5 16. O-O Rh6 17. Bf3 Kg8 18. Nd6 Rf8 19. Rc1 Rg6 20. Kh1 Qg5
21. a4 Nf4 22. g3 Nfd5 23. a5 Nd7 24. Bxd5 exd5 25. Qf3 h4 26. Qxd5 hxg3 27.
hxg3 Nf6 28. Qg2 Rh6+ 29. Kg1 Ng4 30. Rc7 Rh2 31. Qd5 Qh5 32. Qf3 f5 33. e6 Qg5
34. e7 1-0

[Event "European Blitz Championship 2021"]
[Site "Katowice"]
[Date "2021.12.17"]
[Round "9.2"]
[White "Vetoshko, Volodymyr"]
[Black "Plat, Vojtech"]
[Result "1-0"]
[WhiteElo "2525"]
[BlackElo "2548"]
[Annotator "ChessBase"]
[PlyCount "105"]
[EventDate "2021.12.17"]
[EventType "swiss"]
[EventCountry "POL"]
[SourceTitle "playchess.com"]
[Source "ChessBase"]
[SourceQuality "1"]

1. e4 c5 2. Nf3 Nc6 3. d4 cxd4 4. Nxd4 e5 5. Nb5 a6 6. Nd6+ Bxd6 7. Qxd6 Qf6 8.
Qxf6 Nxf6 9. Nc3 Nb4 10. Kd2 d6 11. a3 Nc6 12. Bd3 Be6 13. Ke1 d5 14. exd5 Nxd5
15. Nxd5 Bxd5 16. f3 O-O 17. Kf2 Rac8 18. Be3 Rfe8 19. Rhd1 Be6 20. Bb6 Ne7 21.
Rac1 Nd5 22. Be3 Nxe3 23. Kxe3 f5 24. Be2 Kf7 25. c4 Ke7 26. c5 a5 27. Rd6 Rc7
28. f4 exf4+ 29. Kxf4 Bd7 30. Bf3 Kf8 31. b4 axb4 32. axb4 g6 33. h4 Bc6 34. h5
Kg7 35. hxg6 hxg6 36. Rcd1 Rce7 37. Kg5 Re6 38. Bxc6 bxc6 39. Rxe6 Rxe6 40.
Rd7+ Kf8 41. Rd6 Re4 42. Kxg6 Rxb4 43. Kxf5 Rb2 44. g4 Rf2+ 45. Kg5 Ke7 46.
Rxc6 Rf8 47. Rh6 Rg8+ 48. Rg6 Rd8 49. c6 Rd5+ 50. Kh6 Rc5 51. c7 Kf7 52. Rg7+
Kf8 53. Rd7 1-0

[Event "European Blitz Championship 2021"]
[Site "Katowice"]
[Date "2021.12.17"]
[Round "9.2"]
[White "Nasuta, Grzegorz"]
[Black "Kiolbasa, Damian"]
[Result "1-0"]
[WhiteElo "2377"]
[BlackElo "1965"]
[Annotator "NA"]
[PlyCount "93"]
[EventDate "2021.12.17"]
[EventType "swiss"]
[EventCountry "POL"]
[SourceTitle "playchess.com"]
[Source "ChessBase"]
[SourceQuality "1"]

1. e4 e6 2. d4 d5 3. Nc3 Bb4 4. exd5 exd5 5. Bd3 Nf6 6. Nge2 c6 7. O-O O-O 8.
Ng3 Bg4 9. Nce2 Re8 10. f3 Bc8 11. c3 Bd6 12. Bf4 Na6 13. Qd2 Nc7 14. Rae1 Bxf4
15. Nxf4 Bd7 16. Rxe8+ Qxe8 17. Nfh5 Nxh5 18. Nxh5 f6 19. Ng3 Qf7 20. Qf4 Ne6
21. Qh4 Nf8 22. Qf4 Re8 23. Kf2 Qe7 24. b4 a6 25. a4 g5 26. Qd2 Ng6 27. Re1 Qf7
28. Rxe8+ Qxe8 29. Bxg6 hxg6 30. a5 Kg7 31. Qe3 Qxe3+ 32. Kxe3 Bf5 33. Ne2 Bc8
34. Nc1 f5 35. Nd3 Kf6 36. Nc5 f4+ 37. Kf2 Kf5 38. Nd3 g4 39. Ne5 gxf3 40. Kxf3
g5 41. h3 Kf6 42. h4 Kf5 43. hxg5 Kxg5 44. Nf7+ Kf6 45. Nd6 Bf5 46. Kxf4 Be4
47. Nxe4+ 1-0

[Event "European Blitz Championship 2021"]
[Site "Katowice"]
[Date "2021.12.17"]
[Round "9.3"]
[White "Szpar, Milosz"]
[Black "Gdanski, Jacek"]
[Result "0-1"]
[WhiteElo "2285"]
[BlackElo "2367"]
[Annotator "NA"]
[PlyCount "64"]
[EventDate "2021.12.17"]
[EventType "swiss"]
[EventCountry "POL"]
[SourceTitle "playchess.com"]
[Source "ChessBase"]
[SourceQuality "1"]

1. e4 e6 2. Nf3 d5 3. e5 c5 4. b4 c4 5. c3 a5 6. b5 Ne7 7. a4 Nd7 8. d4 cxd3 9.
Bxd3 Ng6 10. Qe2 Qc7 11. Bxg6 hxg6 12. O-O b6 13. Re1 Bb7 14. Bg5 Nc5 15. Nbd2
Ne4 16. Rec1 Bc5 17. Be3 O-O-O 18. Nb3 Bxe3 19. Qxe3 f6 20. Nbd4 Rde8 21. c4
dxc4 22. Nc6 Nc5 23. Rxc4 Bxc6 24. bxc6 Qxc6 25. Rb1 Rd8 26. Nd4 Qd5 27. Rcc1
Qxe5 28. Rxb6 Rxd4 29. Rc6+ Kd7 30. R6xc5 Qxc5 31. Re1 Qd6 32. Qf3 Qxh2+ 0-1

[Event "European Blitz Championship 2021"]
[Site "Katowice"]
[Date "2021.12.17"]
[Round "9.3"]
[White "Jonsson, Gauti Pall"]
[Black "Keinanen, Toivo"]
[Result "0-1"]
[WhiteElo "2095"]
[BlackElo "2358"]
[Annotator "NA"]
[PlyCount "96"]
[EventDate "2021.12.17"]
[EventType "swiss"]
[EventCountry "POL"]
[SourceTitle "playchess.com"]
[Source "ChessBase"]
[SourceQuality "1"]

1. Nf3 d5 2. g3 Nd7 3. d4 Ngf6 4. Bg2 e6 5. O-O Be7 6. b3 O-O 7. Bb2 b5 8. a4
b4 9. Ne5 Bb7 10. c4 bxc3 11. Nxc3 c5 12. Nxd7 Qxd7 13. dxc5 Bxc5 14. e4 d4 15.
Nb5 e5 16. Rc1 Rac8 17. Rxc5 Rxc5 18. Ba3 Rxb5 19. Bxf8 Rb6 20. Bc5 Rc6 21. b4
a5 22. Qb3 Rc8 23. f4 exf4 24. e5 Bxg2 25. Kxg2 Nd5 26. gxf4 Ne3+ 27. Kf2 Nxf1
28. Kxf1 axb4 29. Qxb4 d3 30. Be3 Qd5 31. Kf2 Rc2+ 32. Bd2 h6 33. a5 Qh1 34. a6
Qxh2+ 35. Ke3 Qe2+ 36. Kd4 Qxd2 37. Qb8+ Kh7 38. a7 Qf2+ 39. Kd5 d2 40. Qb1
d1=Q+ 41. Qxd1 Rd2+ 42. Qxd2 Qxd2+ 43. Kc6 h5 44. Kb7 h4 45. f5 h3 46. a8=Q
Qd5+ 47. Ka7 Qxa8+ 48. Kxa8 h2 0-1

[Event "European Blitz Championship 2021"]
[Site "Katowice"]
[Date "2021.12.17"]
[Round "9.4"]
[White "Kovalenko, Igor"]
[Black "Kosakowski, Jakub"]
[Result "0-1"]
[WhiteElo "2668"]
[BlackElo "2340"]
[Annotator "ChessBase"]
[PlyCount "95"]
[EventDate "2021.12.17"]
[EventType "swiss"]
[EventCountry "POL"]
[SourceTitle "playchess.com"]
[Source "ChessBase"]
[SourceQuality "1"]

1. d4 Nf6 2. Nf3 e6 3. e3 b6 4. Bd3 Bb7 5. c4 d5 6. cxd5 exd5 7. O-O Bd6 8. b3
O-O 9. Ba3 Bxa3 10. Nxa3 c5 11. Rc1 Nbd7 12. Nb5 Qe7 13. Qe2 Rfc8 14. Rc2 a6
15. Nc3 b5 16. dxc5 Nxc5 17. Bf5 Ne6 18. Rfc1 g6 19. Bh3 Rc7 20. Bxe6 fxe6 21.
Ne4 Rxc2 22. Nxf6+ Qxf6 23. Rxc2 Rc8 24. Rxc8+ Bxc8 25. h3 Qc3 26. Qd1 a5 27.
Nd4 b4 28. h4 e5 29. Nf3 Bb7 30. Ng5 h6 31. Nh3 Kg7 32. h5 g5 33. Qb1 e4 34.
Kh1 d4 35. exd4 Qxd4 36. Qc1 Qc3 37. Qd1 Qd3 38. Qc1 Qc3 39. Qd1 Qd3 40. Qe1 e3
41. fxe3 Be4 42. Ng1 Qc2 43. Qg3 Kf6 44. Qd6+ Kf5 45. Qd7+ Kf6 46. Qd6+ Kf5 47.
Nf3 Kg4 48. Qe6+ 0-1

[Event "European Blitz Championship 2021"]
[Site "Katowice"]
[Date "2021.12.17"]
[Round "9.4"]
[White "Koziorowicz, Michal"]
[Black "Diermair, Andreas"]
[Result "0-1"]
[WhiteElo "2094"]
[BlackElo "2357"]
[Annotator "NA"]
[PlyCount "80"]
[EventDate "2021.12.17"]
[EventType "swiss"]
[EventCountry "POL"]
[SourceTitle "playchess.com"]
[Source "ChessBase"]
[SourceQuality "1"]

1. e4 e5 2. Bc4 Nc6 3. Nc3 Nf6 4. d3 Na5 5. Nge2 c6 6. a4 Nxc4 7. dxc4 d6 8.
Qd3 Be7 9. Bg5 O-O 10. Rd1 Qb6 11. O-O Be6 12. b3 Rad8 13. Kh1 h6 14. Bxf6 Bxf6
15. f4 exf4 16. Nxf4 Bg4 17. Nce2 Be5 18. Rde1 Bxe2 19. Rxe2 Rfe8 20. Qf3 Qc7
21. Nd3 Bd4 22. Qh5 Re6 23. Rf4 Rf6 24. Rxf6 Bxf6 25. Rf2 Qe7 26. Rf4 g6 27.
Qf3 Bg5 28. Rg4 h5 29. Rg3 Re8 30. e5 dxe5 31. Qe4 f5 32. Qe2 e4 33. Nf4 Bxf4
34. Rxg6+ Kf8 35. Qxh5 Qf7 36. c5 e3 37. Qh8+ Ke7 38. Qh4+ Kd7 39. Rf6 Qd5 40.
Qxf4 Qd1+ 0-1

[Event "European Blitz Championship 2021"]
[Site "Katowice"]
[Date "2021.12.17"]
[Round "9.5"]
[White "Stefansson, Hannes"]
[Black "Brodowski, Piotr"]
[Result "1/2-1/2"]
[WhiteElo "2519"]
[BlackElo "2335"]
[Annotator "ChessBase"]
[PlyCount "118"]
[EventDate "2021.12.17"]
[EventType "swiss"]
[EventCountry "POL"]
[SourceTitle "playchess.com"]
[Source "ChessBase"]
[SourceQuality "1"]

1. d4 c5 2. d5 d6 3. e4 Nf6 4. Nc3 g6 5. f4 Bg7 6. Nf3 O-O 7. Bd3 Na6 8. O-O
Nc7 9. Re1 e6 10. dxe6 Nxe6 11. Bc4 Nd4 12. h3 Be6 13. Bxe6 fxe6 14. Nxd4 cxd4
15. Qxd4 Ng4 16. Qb4 Qh4 17. Rf1 a5 18. Qxd6 Rfe8 19. e5 Bf8 20. Qb6 Rac8 21.
Ne4 Nxe5 22. Qd4 Nc6 23. Qc3 e5 24. Qc4+ Kh8 25. Qf7 exf4 26. Nf6 Bc5+ 27. Kh1
Re7 28. Qd5 Nb4 29. Qc4 Qxf6 30. Bd2 Rce8 31. Bc3 Re5 32. Rae1 Bd6 33. Bxe5
Bxe5 34. Qb5 Nc6 35. Qxb7 Nd4 36. Qd5 f3 37. Qe4 Nf5 38. Rxf3 Re7 39. g4 Ng3+
40. Rxg3 Bxg3 41. Qa8+ Kg7 42. Rxe7+ Qxe7 43. Kg2 Bf4 44. Qf3 Be5 45. Qe4 Qd6
46. Kf3 Qf6+ 47. Ke2 Bxb2 48. c4 Bd4 49. Kd3 Bc5 50. Qd5 Qd6 51. Ke4 Qe7+ 52.
Qe5+ Kf7 53. Kd5 Qxe5+ 54. Kxe5 Ke7 55. Kd5 Bf2 56. Kc6 a4 57. Kb5 Kd6 58. Kxa4
Kc5 59. Kb3 Be1 1/2-1/2

[Event "European Blitz Championship 2021"]
[Site "Katowice"]
[Date "2021.12.17"]
[Round "9.5"]
[White "Wisniewski, Adrian"]
[Black "Povilaitis, Tomas"]
[Result "0-1"]
[WhiteElo "2351"]
[BlackElo "2101"]
[Annotator "NA"]
[PlyCount "68"]
[EventDate "2021.12.17"]
[EventType "swiss"]
[EventCountry "POL"]
[SourceTitle "playchess.com"]
[Source "ChessBase"]
[SourceQuality "1"]

1. Nf3 d5 2. c4 e6 3. b3 Nf6 4. Bb2 c5 5. g3 Nc6 6. Bg2 d4 7. O-O e5 8. d3 Be7
9. a3 a5 10. b4 axb4 11. axb4 Rxa1 12. Bxa1 cxb4 13. Nbd2 O-O 14. Nb3 h6 15. h3
Be6 16. Qc2 Qc7 17. Nfd2 Ra8 18. f4 exf4 19. gxf4 Bf5 20. Nxd4 Nxd4 21. Bxd4
Qd7 22. Bxf6 Bxf6 23. Kh2 Ra3 24. Ne4 Bd4 25. Rb1 Qc7 26. Qd2 Bc3 27. Qe3 Bxe4
28. Bxe4 Ra2 29. Kg2 Bd2 30. Qf2 Bxf4 31. Rxb4 Qe5 32. Bf3 Ra1 33. h4 Be3 34.
Qg3 Rg1+ 0-1

[Event "European Blitz Championship 2021"]
[Site "Katowice"]
[Date "2021.12.17"]
[Round "9.6"]
[White "Ortega Ruiz, Jose Miguel"]
[Black "Galuszka, Tomasz"]
[Result "1-0"]
[WhiteElo "2317"]
[BlackElo "2181"]
[Annotator "NA"]
[PlyCount "61"]
[EventDate "2021.12.17"]
[EventType "swiss"]
[EventCountry "POL"]
[SourceTitle "playchess.com"]
[Source "ChessBase"]
[SourceQuality "1"]

1. d4 d5 2. c4 c6 3. Nf3 Nf6 4. Nc3 e6 5. e3 Nbd7 6. Bd3 Bd6 7. O-O O-O 8. e4
dxc4 9. Bxc4 e5 10. Bg5 Qe7 11. Bh4 h6 12. Qe2 a6 13. Rad1 b5 14. Bb3 Bb7 15.
d5 c5 16. Bg3 g5 17. Nd2 Rfc8 18. Rfe1 c4 19. Bc2 b4 20. Na4 c3 21. bxc3 bxc3
22. Nf1 a5 23. Ne3 Ba6 24. Qf3 Qe8 25. Nf5 Bf8 26. Nxc3 h5 27. Ba4 Qd8 28. h4
g4 29. Qe3 Nh7 30. Bxd7 Qxd7 31. Bxe5 1-0

[Event "European Blitz Championship 2021"]
[Site "Katowice"]
[Date "2021.12.17"]
[Round "9.6"]
[White "Wieczorek, Oskar"]
[Black "Demchenko, Anton"]
[Result "0-1"]
[WhiteElo "2258"]
[BlackElo "2655"]
[Annotator "ChessBase"]
[PlyCount "74"]
[EventDate "2021.12.17"]
[EventType "swiss"]
[EventCountry "POL"]
[SourceTitle "playchess.com"]
[Source "ChessBase"]
[SourceQuality "1"]

1. e4 e5 2. Nf3 Nc6 3. Nc3 Nf6 4. a3 d6 5. d4 exd4 6. Nxd4 Be7 7. Be2 O-O 8.
O-O Re8 9. f4 Bf8 10. Bf3 Bd7 11. Be3 Rb8 12. Bf2 a6 13. Re1 h6 14. h3 Nh7 15.
Nd5 Ne7 16. c4 b5 17. cxb5 axb5 18. Rc1 c5 19. Nxe7+ Bxe7 20. Nf5 Bxf5 21. exf5
Bf6 22. Rxe8+ Qxe8 23. Rc2 Rd8 24. Re2 Qd7 25. g4 Nf8 26. Bd5 Re8 27. h4 Rxe2
28. Qxe2 Bd8 29. Qe4 Qe7 30. Qxe7 Bxe7 31. g5 Bd8 32. Bc6 b4 33. axb4 cxb4 34.
Be1 Ba5 35. Kf2 g6 36. f6 Ne6 37. Kf3 Nd4+ 0-1

[Event "European Blitz Championship 2021"]
[Site "Katowice"]
[Date "2021.12.17"]
[Round "9.7"]
[White "Laurusas, Tomas"]
[Black "Grabarczyk, Miroslaw"]
[Result "1/2-1/2"]
[WhiteElo "2553"]
[BlackElo "2279"]
[Annotator "ChessBase"]
[PlyCount "134"]
[EventDate "2021.12.17"]
[EventType "swiss"]
[EventCountry "POL"]
[SourceTitle "playchess.com"]
[Source "ChessBase"]
[SourceQuality "1"]

1. c4 e6 2. Nc3 d5 3. d4 Be7 4. cxd5 exd5 5. h3 c6 6. Bf4 Bd6 7. Bxd6 Qxd6 8.
e3 Bf5 9. Nge2 Qb4 10. Qd2 Ne7 11. Nf4 Nd7 12. g4 Bg6 13. h4 h5 14. Nxg6 Nxg6
15. g5 Nb6 16. O-O-O O-O-O 17. Bd3 Ne7 18. Kb1 Kb8 19. Rc1 g6 20. a3 Qd6 21.
Na2 Rc8 22. Qa5 Qd8 23. Nb4 Nd7 24. Qa4 Nb6 25. Qb3 Ka8 26. Be2 Nf5 27. Nd3 Nd6
28. Nc5 Re8 29. Bd3 Re7 30. Qb4 Nbc4 31. Qc3 Nb6 32. Ka2 Ne4 33. Bxe4 dxe4 34.
Qc2 Qd5+ 35. Ka1 Rf8 36. a4 Nd7 37. Qd2 Nxc5 38. Rxc5 Qb3 39. a5 f6 40. Rhc1
fxg5 41. Rxg5 Qe6 42. a6 bxa6 43. Re5 Qd7 44. Rxe7 Qxe7 45. Rxc6 Qf7 46. Qc2
Qb7 47. Qxe4 a5 48. f4 a4 49. d5 a3 50. Rc2 Rb8 51. Qd4 Qb3 52. Qc3 axb2+ 53.
Kb1 Qa4 54. Qc6+ Qxc6 55. Rxc6 Kb7 56. e4 Rf8 57. Rxg6 Rxf4 58. Re6 Rxh4 59. d6
Kc6 60. Kxb2 Rg4 61. e5 Re4 62. Re7 h4 63. d7 Rd4 64. Kc3 Rxd7 65. Re6+ Kd5 66.
Rh6 Kxe5 67. Rxh4 Rb7 1/2-1/2

[Event "European Blitz Championship 2021"]
[Site "Katowice"]
[Date "2021.12.17"]
[Round "9.7"]
[White "Sotsky, Alexander"]
[Black "Kalogeris, Ioannis"]
[Result "0-1"]
[WhiteElo "2087"]
[BlackElo "2287"]
[Annotator "NA"]
[PlyCount "68"]
[EventDate "2021.12.17"]
[EventType "swiss"]
[EventCountry "POL"]
[SourceTitle "playchess.com"]
[Source "ChessBase"]
[SourceQuality "1"]

1. d4 Nf6 2. Bg5 d5 3. e3 c6 4. Nd2 Bf5 5. c3 e6 6. f4 Be7 7. Bxf6 Bxf6 8. Ngf3
Be7 9. Be2 Nd7 10. Ne5 Nxe5 11. fxe5 Bg5 12. Nf1 Qb6 13. Qb3 h5 14. Kf2 h4 15.
Nd2 Be7 16. Rhf1 h3 17. g3 Bg5 18. Nf3 Bh6 19. Qa3 O-O-O 20. Rac1 f6 21. c4 Be4
22. c5 Qc7 23. Qxa7 Rhf8 24. exf6 Rxf6 25. b4 Rdf8 26. Rc3 Bxf3 27. Ke1 Bxe2
28. Rxf6 Rxf6 29. Kxe2 Qf7 30. Qa8+ Kc7 31. Qa5+ Kd7 32. Kd1 Rf1+ 33. Kc2 Qf2+
34. Kb3 Rb1+ 0-1